| 000 | 01294cam a22002295a 4500 | ||
|---|---|---|---|
| 001 | L137895 | ||
| 008 | 110623s2007 xxkad f 000 0 eng d | ||
| 035 | _a(Sirsi) u137895 | ||
| 041 | 0 | _aeng | |
| 110 | 2 |
_aBritish Property Federation _91604 |
|
| 245 | 0 | 4 | _aThe five steps to improve energy efficiency and reduce CO2 emissions in rented office buildings |
| 260 |
_aLondon _bBPF _c2007 |
||
| 520 | _aPresents the Landlord's Energy Statement (LES), which aims to become an industry standard for summarising the energy use in buildings. This seeks to enable the measuring, understanding and benchmarking of energy efficiency in buildings. It anticipates the introduction of mandatory energy performance certificates. Offers a five-point plan for landlords to follow. Presents case studies and offers contacts for further support. | ||
| 590 | _aKA | ||
| 650 | 2 | 4 | _aENERGY PERFORMANCE CERTIFICATES |
| 650 | 2 | 4 | _aEC DIRECTIVES |
| 650 | 2 | 4 | _aLANDLORDS' ENERGY STATEMENTS |
| 651 | 4 |
_aEngland and Wales _y1543- |
|
| 690 | _aENVIRONMENTAL AND LAND CONSULTANCY-ENERGY-ENERGY USE | ||
| 856 | 4 | 0 |
_uhttps://www.less-en.org/_assets/client/files/1308-BPF%20Five%20steps%20to%20improving%20energy%20efficiency%20in%20tennented%20bldgs.pdf _zView the item free of charge at www.less-en.org |
| 942 | _n0 | ||
| 999 |
_c106919 _d106919 |
||